00730nam a2200181 a 450000100100000000500170001000800410002702000150006804000250008310000400010824500990014826001000024730000360034770000340038304900090041795201050042699900170053100002096420200930011212.0100825s1997 dr ac 001 0 spa d a959709214X aDO-SdBNPbspacBNPHU1 aEfrén González, Ricardo.94390910aChe en la revolución cubana, 1955-1966 /cRicardo Efrén González, Pedro Alvarez Tabío. aLa Habana :bOficina de Publicaciones del Consejo de EstadobInstituto Cubano del Libro,c1997. a174 p, :bil., retrs. ;c28 cm.1 aAlvarez Tabía, Pedro943910 aBNPD 0010718PDaGRbGRcCTd2010-08-25iLF1l0o p20964-10r2020-06-25w2020-06-25yLFPDZNo se presta c20467d20467